000 00439nam a2200181Ia 4500
001 13285
005 20260306164750.0
008 260306t2011||||xx |||||||||||||| ||spa||
041 _aESP
082 _a001.42
_bK491
100 _aKvale, Steinar
_eAUT
245 0 _aLas entrevistas en investigación cualitativa
260 _c2011
300 _a198 pƔginas :
_c24 cm.
650 _aGEN
654 _aCCC
942 _cLIB
_dJUS
_fJUS
_2ddc
_n
999 _c13285
_d13285